000 01300nac a22003251i 4500
003 EG-ScBUE
005 20241208150451.0
008 241208t1993 nyua f b 001 0 eng d
020 _a0471568813
020 _a9780471568810
040 _aEG-ScBUE
_beng
_erda
_cEG-ScBUE
_dEG-ScBUE
082 0 4 _a519.536
_bBIR
_222
100 1 _aBirkes, David,
_eauthor.
245 1 0 _aAlternative methods of regression /
_cDavid Birkes, Oregon State University, Yadolah Dodge, University of Neuchatel.
264 1 _aNew York :
_bJohn Wiley & Sons, Inc.,
_c[1993]
264 4 _cc1993
300 _axii, 228 pages :
_billustrations ;
_c25 cm
336 _2rdacontent
_atext
_btxt
337 _aunmediated
_2rdamedia
_bn
338 _avolume
_bnc
_2rdacarrier
500 _a"A Wiley-Interscience publication."
504 _aIncludes bibliographical references and index.
650 7 _aRegression analysis.
_2BUEsh
655 _vReading book
700 1 _aDodge, Yadolah,
_d1944-
_eauthor.
856 4 2 _3Contributor biographical information
_uhttp://www.loc.gov/catdir/bios/wiley041/92031165.html
856 4 2 _3Publisher description
_uhttp://www.loc.gov/catdir/description/wiley032/92031165.html
856 4 2 _3Table of Contents
_uhttp://www.loc.gov/catdir/toc/onix03/92031165.html
942 _cBB
_2ddc
999 _c6025
_d6025